REVENGE OF THE DESERT PHANTON (Record no. 471737)

MARC details
000 -LEADER
fixed length control field 00397nam a2200145Ia 4500
008 - FIXED-LENGTH DATA ELEMENTS--GENERAL INFORMATION
fixed length control field 100204s9999 xx 000 0 und d
082 ## - DEWEY DECIMAL CLASSIFICATION NUMBER
Item number 26559
100 ## - MAIN ENTRY--PERSONAL NAME
Personal name DIXAN FRANKLIN
245 ## - TITLE STATEMENT
Title REVENGE OF THE DESERT PHANTON
260 ## - PUBLICATION, DISTRIBUTION, ETC. (IMPRINT)
Name of publisher, distributor, etc "SSIMON & SCHUSTER INC, AMERICA"
Date of publication, distribution, etc 1985
300 ## - PHYSICAL DESCRIPTION
Extent 157
630 ## - SUBJECT ADDED ENTRY--UNIFORM TITLE
Uniform title REVENGE OF THE DESERT PHANTON
730 ## - ADDED ENTRY--UNIFORM TITLE
Uniform title REVENGE OF THE DESERT PHANTON
942 ## - ADDED ENTRY ELEMENTS (KOHA)
Koha item type Book
Holdings
Withdrawn status Lost status Damaged status Not for loan Home library Current library Date acquired Cost, normal purchase price Total Checkouts Full call number Barcode Date last seen Cost, replacement price Price effective from Koha item type
        N. C. Kelkar Sarvajanik Library, Mulund N. C. Kelkar Sarvajanik Library, Mulund 05/17/2005 30.00   26559 NCKMULUND-26559 02/04/2010 30.00 02/04/2010 Book